| 000 | 01111nam a22003377a 4500 | ||
|---|---|---|---|
| 003 | URS | ||
| 005 | 20260406153715.0 | ||
| 008 | 260315b |||||||| |||| 00| 0 eng d | ||
| 020 | _a978-0-44310-704-7 | ||
| 040 |
_cURS _bEnglish _erda |
||
| 050 | 0 | 0 |
_aRJ131 _b.D643 2026 |
| 245 | 1 | 0 |
_aDixon and Stein’s encounters with children : _bpediatric behavior and development / _cedited by Jenny Radesky MD, Caroline Kistin MD MSc. |
| 250 | _aFifth edition. | ||
| 264 |
_aPhiladelphia, PA : _bMosby Elsevier, _c©2026. |
||
| 300 |
_axiii, 444 pages : _billustrations ; _c24 cm. |
||
| 336 |
_atext _btxt _2rdacontent |
||
| 337 |
_aunmediated _bn _2rdamedia |
||
| 338 |
_avolume _bnc _2rdacarrier |
||
| 650 | 0 | _aChild development. | |
| 650 | 0 |
_aChild development _xTesting. |
|
| 650 | 0 | _aBehavioral assessment of children. | |
| 650 | 0 | _aAdolescence. | |
| 650 | 1 | 2 | _aChild Development. |
| 650 | 2 | 2 | _aAdolescent Behavior. |
| 650 | 2 | 2 | _aAdolescent. |
| 650 | 2 | 2 | _aChild Behavior. |
| 650 | 2 | 2 | _aGrowth. |
| 700 |
_aRadesky, Jenny, _eauthor. _96722 |
||
| 700 |
_aKistin, Caroline, _eauthor. _96723 |
||
| 942 |
_2lcc _cR |
||
| 999 |
_c99066 _d99063 |
||